LEADER 00953nam0-22003011i-450- 001 990006969130403321 005 20060929113113.0 035 $a000696913 035 $aFED01000696913 035 $a(Aleph)000696913FED01 035 $a000696913 100 $a20011008d1992----km-y0itay50------ba 101 0 $aita 105 $aab------001yy 200 1 $a<>eremo di Santa Maria della Torre$e(arte, forme e modelli di vita dei primi eremiti di San Bruno)$fSilvano Onda 210 $aCosenza$cPellegrini$dc1992 215 $a99 p.$cill.$d22 cm 225 1 $aFonti e ricerche per la storia della Calabria e del Mezzogiorno 610 0 $aArchitettura monastica 676 $a726.7$v21$zita 700 1$aOnda,$bSilvano$0256552 801 0$aIT$bUNINA$gRICA$2UNIMARC 901 $aBK 912 $a990006969130403321 952 $a726.7 OND 1$bBibl.38661$fFLFBC 959 $aFLFBC 996 $aEremo di Santa Maria della Torre$9700172 997 $aUNINA LEADER 01692oam 2200469M 450 001 9910716323003321 005 20200213070627.4 035 $a(CKB)5470000002520908 035 $a(OCoLC)1066001455 035 $a(OCoLC)995470000002520908 035 $a(EXLCZ)995470000002520908 100 $a20071213d1925 ua 0 101 0 $aeng 135 $aurcn||||||||| 181 $ctxt$2rdacontent 182 $cc$2rdamedia 183 $acr$2rdacarrier 200 10$aFayette L. Froemke. December 19, 1925. -- Committed to the Committee of the Whole House and ordered to be printed 210 1$a[Washington, D.C.] :$c[U.S. Government Printing Office],$d1925. 215 $a1 online resource (4 pages) 225 1 $aHouse report / 69th Congress, 1st session. House ;$vno. 18 225 1 $a[United States congressional serial set ] ;$v[serial no. 8531] 300 $aBatch processed record: Metadata reviewed, not verified. Some fields updated by batch processes. 300 $aFDLP item number not assigned. 606 $aClaims 606 $aMilitary pensions 606 $aWorld War, 1914-1918 606 $aDisabled veterans 608 $aLegislative materials.$2lcgft 615 0$aClaims. 615 0$aMilitary pensions. 615 0$aWorld War, 1914-1918. 615 0$aDisabled veterans. 701 $aWoodruff$b Roy O$g(Roy Orchard),$f1876-1953$pRepublican (MI)$01397940 801 0$bWYU 801 1$bWYU 801 2$bOCLCO 801 2$bOCLCQ 906 $aBOOK 912 $a9910716323003321 996 $aFayette L. Froemke. December 19, 1925. -- Committed to the Committee of the Whole House and ordered to be printed$93524160 997 $aUNINA